| 000 | 01002nam0a2200301 4500 | ||
|---|---|---|---|
| 001 | RU\NLR\bibl\1283417 | ||
| 005 | 20260408202615.0 | ||
| 010 |
_a978-5-8064-1285-1 _9100 |
||
| 021 |
_aRU _b2008-63421 _93604 |
||
| 035 | _a(NLR Aleph) 001269158 | ||
| 090 |
_a427946 _c427946 |
||
| 100 | _a20081013d2007 k y0rusy50 ca | ||
| 101 | 0 | _arus | |
| 102 | _aRU | ||
| 105 | _ay ||||||||| | ||
| 200 | 1 |
_aФилософия фиктивности, или Фиктиология _fА.А. Макейчик |
|
| 210 |
_aСанкт-Петербург _cИзд-во РГПУ _d2007 |
||
| 215 |
_a198 с. _d20 |
||
| 320 | _aБиблиогр.: с. 196-198 | ||
| 517 | 0 | _aФиктиология | |
| 606 |
_aФиктивность (филос.) _3RU\NLR\auth\661507781 _92547669 |
||
| 686 | _aЮ212.80 | ||
| 700 | 1 |
_aМакейчик _bА. А. _gАлександр Александрович _4070 |
|
| 801 | 0 |
_aRU _bNLR _c20081013 _gRCR |
|
| 801 | 1 |
_aRU _bNLR _c20081013 |
|
| 942 | _cBOOK | ||
| 980 | _aNB | ||